Minecraft Coral Types - Sudden Death - Statistics

General Stats
  • This quiz has been taken 120 times
  • The average score is 5 of 7
Answers on the Grid
Answers color-coded by a green-red scale on the quiz's grid according to % correct below.
Bubble
Pop
Hand
Wind
Block
Fire
Bush
Tube
Crack
Charge
Brain
Tap
Horn
Bone
Step
Fan
Blow
 
Answer Stats
Answer % Correct
Tube
78%
Bubble
72%
Brain
71%
Fan
71%
Fire
66%
Horn
60%
Block
41%
No matching quizzes found
Score Distribution
Percent of People with Each Score
Percentile by Number Answered
Your Score History
You have not taken this quiz